000 00689nam a22001817a 4500
005 20230912162100.0
010 _aENG-137910
020 _c175.00
035 _aEN-121442
037 _bDBAD/PUB
082 _a954.52
100 _aMalley, L.S.S.O
_956472
245 _aBengal District Gazetteers :
_cBy L.S.S.O Malley
_b24 Pargana's/
260 _aCalcutta
_bwest Bengal District Gazetteers
_c1995
270 _aK.R Biswads IAS, State, Edotor , West Bengal District Gazetterrs, Higher Education Department , Govt Of West Bengal Bikash Bhavan, North Block , 8thFloor Salt Lake Coty
_bCalcutta
_e700091
300 _a408p.
_c21cm(pbk)
942 _2ddc
_cEN
_h954.52
_mMAL
999 _c197712
_d197712